00826cam a22002413a 45000010005000000030006000050050017000110080041000280400015000690420007000840500009000911000033001002450115001332600029002485060030002775160020003076530053003276530050003806530058004307000027004888300028005158560041005432658PGUSA20140828083020.0040930s2004||||xxu|||||s|||||000 | eng d aPGUSAbeng adc 4aE4561 aLincoln, Abraham,d1809-186514aThe Papers And Writings Of Abraham Lincoln — Volume 6 :b1862-1863h[electronic resource] /cAbraham Lincoln bProject Gutenberg,c2004 aPublic domain in the USA. aElectronic text aUnited States -- History -- Civil War, 1861-1865 aLincoln, Abraham, 1809-1865 -- Correspondence aUnited States -- Politics and government -- 1861-18651 aLapsley, Arthur Brooks 0aProject Gutenbergv265840uhttp://www.gutenberg.org/ebooks/2658